World Capitals with hints by Proximity on the Empty World Map - Statistics

General Stats
  • This quiz has been taken 1,643 times
  • The average score is 282 of 392
Answers on the Map
Answers color-coded by a green-red scale on the quiz's map according to % correct below.
 
Answer Stats
Capital % Correct
A_m
97%
B_n
97%
L_g
97%
V_z
97%
B_s
96%
C_n
96%
L_a
96%
L_n
96%
M_o
96%
O_a
96%
P_e
96%
P_s
96%
S_o
96%
W_n
96%
A_a
95%
B_a
95%
B_t
95%
D_n
95%
M_k
95%
R_a
95%
S_a
95%
S_e
95%
V_a
95%
V_s
95%
Z_b
95%
A_s
94%
B_e
94%
H_i
94%
K_v
94%
M_w
94%
P_a
94%
R_e
94%
S_o
94%
T_a
94%
T_n
94%
V_a
94%
V_y
94%
B_t
93%
M_d
93%
O_o
93%
R_t
93%
S_m
93%
T_s
93%
W_w
93%
A_a
92%
A_n
92%
A_s
92%
B_g
92%
B_t
92%
C_u
92%
D_s
92%
J_m
92%
L_n
92%
N_a
92%
P_g
92%
S_l
92%
Beijing
90%
C_o
90%
Moscow
90%
B_a
89%
B_d
89%
London
89%
Mexico City
89%
M_y
89%
Y_n
89%
B_a
88%
B_n
88%
Brasilia
88%
G_e
88%
H_e
88%
I_d
88%
P_y
88%
B_s
87%
Cairo
87%
K_u
87%
K_y
87%
Madrid
87%
M_e
87%
M_o
87%
M_u
87%
N_i
87%
P_a
87%
Paris
87%
S_e
87%
Washington
87%
B_n
86%
B_u
86%
C_a
86%
Canberra
86%
C_s
86%
K_n
86%
M_a
86%
N_u
86%
P_n
86%
Q_o
86%
S_e
86%
S_s
86%
T_i
86%
T_n
86%
T_o
86%
Tokyo
86%
A_t
85%
B_e
85%
B_k
85%
C_s
85%
H_a
85%
H_i
85%
J_a
85%
L_a
85%
Lima
85%
M_a
85%
New Delhi
85%
N_w
85%
R_h
85%
R_u
85%
S_o
85%
S_s
85%
V_e
85%
G_y
84%
J_a
84%
L_e
84%
Oslo
84%
Ottawa
84%
P_h
84%
S_r
84%
T_a
84%
Y_e
84%
A_i
83%
B_a
83%
D_a
83%
D_e
83%
K_a
83%
K_i
83%
K_l
83%
N_i
83%
Rome
83%
T_t
83%
A_a
82%
B_e
82%
K_a
82%
K_r
82%
P_e
82%
A_a
81%
B_l
81%
B_u
81%
C_y
81%
F_n
81%
G_n
81%
Jakarta
81%
S_e
81%
Seoul
81%
Y_o
81%
A_a
80%
Bogota
80%
D_r
80%
L_a
80%
L_e
80%
P_o
80%
Wellington
80%
W_n
80%
Ankara
79%
Athens
79%
Berlin
79%
Havana
79%
M_t
79%
N_y
79%
Santiago
79%
S_o
79%
Algiers
78%
Bangkok
78%
Buenos Aires
78%
D_a
78%
D_i
78%
Dublin
78%
Lisbon
78%
O_u
78%
S_a
78%
Tunis
78%
B_o
77%
N_t
77%
P_a
77%
Helsinki
76%
M_o
76%
P_o
76%
Stockholm
76%
Tehran
76%
T_u
76%
B_k
75%
Caracas
75%
Hanoi
75%
Kiev
75%
M_a
75%
Reykjavik
75%
R_k
75%
Quito
74%
S_e
74%
Jerusalem
73%
K_m
73%
Rabat
73%
Singapore
73%
Warsaw
73%
Amsterdam
72%
Budapest
72%
Islamabad
72%
M_a
72%
Manila
72%
N_a
72%
Nairobi
72%
Vienna
72%
Bucharest
71%
Copenhagen
71%
Kinshasa
71%
Tripoli
71%
A_a
70%
Dhaka
70%
L_e
70%
Montevideo
70%
Baghdad
69%
Bern
69%
Brussels
69%
Dakar
69%
Kabul
69%
Kuala Lumpur
69%
Minsk
69%
Riga
69%
Ulaanbaatar
69%
U_r
69%
Astana
68%
Guatemala City
68%
Luxembourg
68%
Vatican City
68%
Addis Ababa
67%
Kingston
67%
Kingstown
67%
L_a
67%
Monaco
67%
Prague
67%
Pyongyang
67%
Tallinn
67%
Abu Dhabi
66%
Belgrade
66%
Khartoum
66%
Luanda
66%
Sofia
66%
Zagreb
66%
A_n
65%
Andorra la Vella
65%
Asuncion
65%
Damascus
65%
San Marino
65%
Taipei
65%
T_i
65%
Valletta
65%
Vilnius
65%
W_k
65%
Baku
64%
Georgetown
64%
N_a
64%
Sana'a
64%
Vaduz
64%
Abuja
63%
Beirut
63%
B_i
63%
Doha
63%
Kathmandu
63%
Port-au-Prince
63%
Tashkent
63%
Amman
62%
A_o
62%
Kuwait City
62%
M_i
62%
Windhoek
62%
Accra
61%
Bratislava
61%
M_e
61%
Mogadishu
61%
M_u
61%
Muscat
61%
Nassau
61%
Panama City
61%
Pretoria
61%
S_e
61%
Nicosia
60%
S_a
60%
Sarajevo
60%
Djibouti
59%
Male
59%
Port Moresby
59%
P_y
59%
Riyadh
59%
Tbilisi
59%
Tirana
59%
San Jose
58%
Santo Domingo
58%
Yerevan
58%
Antananarivo
57%
Bishkek
57%
D_i
57%
Dili
57%
Freetown
57%
Harare
57%
Suva
57%
A_a
56%
Chisinau
56%
Ljubljana
56%
Paramaribo
56%
San Salvador
56%
Kampala
55%
Bamako
54%
Lusaka
54%
Phnom Penh
54%
Skopje
54%
Vientiane
54%
Apia
53%
Juba
53%
Podgorica
53%
Pristina
53%
Belmopan
52%
Port-of-Spain
52%
Brazzaville
51%
Kigali
51%
Managua
51%
Maputo
51%
Monrovia
51%
Niamey
51%
Sao Tome
51%
Ashgabat
50%
Manama
50%
M_o
50%
N'Djamena
50%
T_a
50%
V_a
50%
Victoria
50%
Y_n
50%
Bangui
48%
Dodoma
48%
Dushanbe
48%
Libreville
48%
Ouagadougou
48%
Thimphu
48%
Yaounde
48%
Bissau
47%
Bridgetown
47%
Praia
47%
Tegucigalpa
47%
Asmara
46%
Lome
46%
P_s
46%
Port Louis
45%
Saint George's
45%
Sucre
45%
Lilongwe
44%
Naypyidaw
44%
Nouakchott
44%
Saint John's
44%
Bandar Seri Begawan
43%
Banjul
43%
B_n
43%
Conakry
43%
F_i
43%
Funafuti
43%
Gaborone
43%
P_a
42%
Port-Vila
42%
Basseterre
41%
Castries
41%
Moroni
41%
Sri Jayawardenepura Kotte
41%
Yaren
41%
Roseau
40%
H_a
39%
Honiara
39%
Maseru
39%
Tarawa
39%
Yamoussoukro
39%
Porto-Novo
38%
Malabo
37%
Mbabane
37%
Nuku'alofa
37%
Majuro
36%
Palikir
36%
P_r
36%
Melekeok
33%
M_k
33%
Bujumbura
31%
No matching quizzes found
Score Distribution
Percent of People with Each Score
Percentile by Number Answered
Your Score History
You have not taken this quiz